000 00546nam a2200181Ia 4500
008 090123s9999 xx 000 0 und d
082 _b20786
100 _aदातार उषा
245 _aबिकट वाट वहिवाट
250 _a1
260 _bआरती प्रकाशन
_c1992
300 _a151
600 _aदातार उषा
630 _aबिकट वाट वहिवाट
700 _aदातार उषा
730 _aबिकट वाट वहिवाट
942 _cBOOK
999 _c58858
_d58858